[Event "TCh-CHN 2016"]
[Site "China CHN"]
[Date "2016.09.24"]
[Round "13.3"]
[Board "4"]
[White "Khademalsharieh, Sarasadat"]
[Black "Ju, Wenjun"]
[Result "0-1"]
[WhiteTitle "WGM"]
[BlackTitle "GM"]
[WhiteElo "2429"]
[BlackElo "2568"]
[WhiteTeam "Shandong"]
[BlackTeam "Shanghai"]
[WhiteFideId "12512214"]
[BlackFideId "8603006"]
[EventDate "2016.04.12"]

1. d4 Nf6 2. c4 e6 3. Nf3 b6 4. g3 Bb7 5. Bg2 Bb4+ 6. Bd2 Be7 7. Nc3 c6 8. O-O
d5 9. cxd5 cxd5 10. Rc1 O-O 11. Ne5 Nbd7 12. Bf4 Rc8 13. h3 Nxe5 14. Bxe5 Qd7
15. Qd3 a6 16. Rc2 b5 17. a3 Rc4 18. Rfc1 Rfc8 19. Nd1 Ne4 20. f3 Nd6 21. Bxd6
Bxd6 22. f4 h6 23. Ne3 Rxc2 24. Rxc2 b4 25. axb4 Bxb4 26. Rxc8+ Qxc8 27. Nc2 Bd6
28. Kf2 a5 29. Qd2 a4 30. Ne3 Qc7 31. Qc2 Qa5 32. Nd1 Bb4 33. Ne3 Qb6 34. Qd1
Bc6 35. Ng4 Bd6 36. Qd2 Bb4 37. Qd1 Ba5 38. Ne5 Be8 39. Qc2 Qxd4+ 40. e3 Qd2+
41. Qxd2 Bxd2 42. Bf1 Bc1 0-1

[Event "TCh-CHN 2016"]
[Site "China CHN"]
[Date "2016.09.24"]
[Round "13.3"]
[Board "5"]
[White "Zhai, Mo"]
[Black "Zhang, Xiaowen"]
[Result "0-1"]
[WhiteTitle "WGM"]
[BlackTitle "WGM"]
[WhiteElo "2371"]
[BlackElo "2374"]
[WhiteTeam "Shandong"]
[BlackTeam "Shanghai"]
[WhiteFideId "8600201"]
[BlackFideId "8603219"]
[EventDate "2016.04.12"]

1. d4 Nf6 2. c4 e6 3. Nc3 d5 4. Nf3 Be7 5. Bf4 O-O 6. e3 b6 7. Bd3 Bb7 8. O-O
Nbd7 9. Qe2 c5 10. cxd5 Nxd5 11. Nxd5 exd5 12. dxc5 Nxc5 13. Rfd1 Bf6 14. Be5
Bxe5 15. Nxe5 Qf6 16. f4 Rfd8 17. Qf2 Rac8 18. Bc2 Ne4 19. Qe2 Ba6 20. Bd3 Bxd3
21. Rxd3 Nc5 22. Rd2 d4 23. exd4 Ne6 24. Rf1 Nxd4 25. Qe4 Ne6 26. Nd7 Qe7 27.
Rfd1 Re8 28. f5 Nf8 29. Qxe7 Rxe7 30. f6 Rxd7 31. fxg7 Kxg7 32. Rxd7 Nxd7 33.
Rxd7 Rc1+ 34. Kf2 Rc2+ 35. Kf3 a5 36. Rb7 Rxb2 37. a4 Rb4 38. g3 h5 39. h3 Kg6
40. Ke3 f6 41. Kf3 Kf5 42. Rh7 Kg6 43. Rb7 Rxa4 44. Rxb6 Ra3+ 45. Kg2 a4 46. Ra6
Kf5 47. Ra5+ Ke4 48. Rxh5 Ra2+ 49. Kf1 a3 50. Rh4+ Kf3 51. Rf4+ Kxg3 52. Rxf6
Ra1+ 53. Ke2 a2 54. Rf3+ Kh4 55. Rf4+ Kxh3 56. Rf3+ Kg4 0-1

[Event "TCh-CHN 2016"]
[Site "China CHN"]
[Date "2016.09.24"]
[Round "13.4"]
[Board "1"]
[White "Wang, Chen"]
[Black "Wang, Hao"]
[Result "1/2-1/2"]
[WhiteTitle "IM"]
[BlackTitle "GM"]
[WhiteElo "2514"]
[BlackElo "2732"]
[WhiteTeam "Chongqing"]
[BlackTeam "Qingdao"]
[WhiteFideId "8601020"]
[BlackFideId "8602883"]
[EventDate "2016.04.12"]

1. d4 Nf6 2. Nf3 c5 3. c3 e6 4. Bg5 Qb6 5. Qb3 Nc6 6. e3 d5 7. Nbd2 Nh5 8. Bh4
h6 9. g4 Nf6 10. h3 Bd6 11. Rg1 Bd7 12. Bg3 Bxg3 13. Rxg3 cxd4 14. Qxb6 axb6 15.
exd4 Ke7 16. a3 Ne8 17. O-O-O h5 18. Bd3 hxg4 19. hxg4 Nd6 20. Ng1 Rac8 21. Kb1
Na5 22. Re1 Rh1 23. Bf1 Rhh8 24. f4 g6 25. Ngf3 Rh1 26. Bg2 Rxe1+ 27. Nxe1 Nac4
28. Nxc4 dxc4 29. Rh3 Bc6 30. Kc2 Bxg2 31. Nxg2 Rg8 1/2-1/2

[Event "TCh-CHN 2016"]
[Site "China CHN"]
[Date "2016.09.24"]
[Round "13.4"]
[Board "2"]
[White "Liu, Yan"]
[Black "Wang, Tongsen"]
[Result "1/2-1/2"]
[WhiteTitle "FM"]
[WhiteElo "2413"]
[BlackElo "2296"]
[WhiteTeam "Chongqing"]
[BlackTeam "Qingdao"]
[WhiteFideId "8608962"]
[BlackFideId "8608067"]
[EventDate "2016.04.12"]

1. d4 d5 2. c4 c6 3. Nf3 Nf6 4. e3 e6 5. Bd3 dxc4 6. Bxc4 c5 7. O-O a6 8. dxc5
Qxd1 9. Rxd1 Bxc5 10. Nbd2 b5 11. Be2 Bb7 12. Nb3 Be7 13. Ne1 Nbd7 14. f3 Rb8
15. e4 Nc5 16. Na5 Ba8 17. Be3 Na4 18. Nd3 O-O 19. Rdc1 Rbc8 20. Bd1 Nd7 21.
Bxa4 bxa4 22. a3 f5 23. exf5 exf5 24. Nb4 Bf6 25. Rxc8 Rxc8 26. Rd1 Ne5 27. Rd6
Bd8 28. Rxa6 Bxa5 29. Rxa5 Nc4 30. Rc5 Rxc5 31. Bxc5 Nxb2 1/2-1/2

[Event "TCh-CHN 2016"]
[Site "China CHN"]
[Date "2016.09.24"]
[Round "13.4"]
[Board "3"]
[White "Zhou, Weiqi"]
[Black "Fang, Yuxiang"]
[Result "1/2-1/2"]
[WhiteTitle "GM"]
[BlackTitle "IM"]
[WhiteElo "2635"]
[BlackElo "2502"]
[WhiteTeam "Chongqing"]
[BlackTeam "Qingdao"]
[WhiteFideId "8601674"]
[BlackFideId "8605840"]
[EventDate "2016.04.12"]

1. d4 d5 2. c4 c6 3. Nf3 Nf6 4. Nc3 a6 5. a4 e6 6. e3 a5 7. Bd3 Na6 8. e4 Nb4 9.
O-O Nxd3 10. Qxd3 Be7 11. b3 O-O 12. e5 Nd7 13. cxd5 exd5 14. Re1 Re8 15. Ne2
Nf8 16. Ng3 b6 17. Nf5 Bxf5 18. Qxf5 Qc8 19. Qd3 Qa6 20. Rd1 Ne6 21. Be3 Red8
22. Qxa6 Rxa6 23. Rd3 Raa8 24. g4 h6 25. h4 Rac8 26. Rad1 Kh7 27. Kh2 g6 28. Kg3
Ng7 29. Ng1 h5 30. Ne2 Ne6 31. Kh3 hxg4+ 32. Kxg4 Rh8 33. Ng3 Kg7 34. Rh1 Rh7
35. h5 f5+ 36. exf6+ Kxf6 37. h6 Bd6 38. Bd2 Ke7 39. Ne2 g5 40. Rdh3 Kf7 41. Rh5
Rch8 42. Be3 Bf8 43. Rc1 c5 44. dxc5 bxc5 45. Rch1 Rxh6 46. Bd2 Rxh5 47. Rxh5
Rxh5 48. Kxh5 c4 49. bxc4 dxc4 50. Bxa5 Nc5 1/2-1/2

[Event "TCh-CHN 2016"]
[Site "China CHN"]
[Date "2016.09.24"]
[Round "13.4"]
[Board "4"]
[White "Hong, Xing"]
[Black "Lei, Tingjie"]
[Result "1-0"]
[BlackTitle "WGM"]
[WhiteElo "1986"]
[BlackElo "2504"]
[WhiteTeam "Qingdao"]
[BlackTeam "Chongqing"]
[WhiteFideId "8606129"]
[BlackFideId "8605114"]
[EventDate "2016.04.12"]

1. e4 c6 2. Nc3 d5 3. Nf3 Bg4 4. h3 Bxf3 5. Qxf3 Nf6 6. g3 e6 7. Bg2 Bc5 8. d3
Nbd7 9. O-O O-O 10. Kh1 Re8 11. Qe2 Bd4 12. Nd1 e5 13. Ne3 Nf8 14. Nf5 Bb6 15.
Be3 Bc7 16. Rad1 Qd7 17. Qf3 Qe6 18. g4 Ng6 19. Bg5 Nf4 20. Rfe1 dxe4 21. dxe4
Red8 22. b3 Ba5 23. Rxd8+ Rxd8 24. Rd1 Rxd1+ 25. Qxd1 Ne8 26. Bf1 b5 27. c4 g6
28. Ne7+ Kg7 29. cxb5 cxb5 30. Nd5 Nd6 31. Bxf4 exf4 32. Qd4+ Kg8 33. Nf6+ Kf8
34. Nxh7+ Kg8 35. Nf6+ Kf8 36. e5 Ne8 37. Qc5+ Kg7 38. Nxe8+ Qxe8 39. Bxb5 Qd8
40. Kg2 Qd2 41. Qd6 Qxd6 42. exd6 Kf6 43. h4 Bd8 44. Bc4 Ke5 45. h5 Kxd6 46.
Bxf7 g5 47. Kf3 Ke5 48. Ke2 Kd4 49. b4 Kc3 50. b5 Bb6 51. f3 Kc2 52. h6 Kc3 53.
h7 Bd4 54. a4 Kb4 55. Kd3 Bb2 56. Ke4 Kxa4 57. Be8 Kb4 58. Kf5 Kc4 59. Kxg5 Be5
60. Kf5 Kd4 61. Bc6 1-0

[Event "TCh-CHN 2016"]
[Site "China CHN"]
[Date "2016.09.24"]
[Round "13.4"]
[Board "5"]
[White "Zhou, Guijue"]
[Black "Tan, Zhongyi"]
[Result "1/2-1/2"]
[WhiteTitle "WIM"]
[BlackTitle "WGM"]
[WhiteElo "2239"]
[BlackElo "2518"]
[WhiteTeam "Qingdao"]
[BlackTeam "Chongqing"]
[WhiteFideId "8602905"]
[BlackFideId "8603642"]
[EventDate "2016.04.12"]

1. e4 c5 2. Nf3 Nc6 3. Bb5 d6 4. O-O Bd7 5. Re1 Nf6 6. c3 a6 7. Bf1 Bg4 8. d4
cxd4 9. cxd4 e5 10. d5 Nd4 11. Be3 Nxf3+ 12. gxf3 Bh5 13. Nd2 Be7 14. Qb3 Qd7
15. Bg2 O-O 16. a4 Ne8 17. Nc4 Bd8 18. f4 f6 19. a5 Rf7 20. Rac1 Bg4 21. Bd2 Qe7
22. Rc3 Rb8 23. Nb6 Bxb6 24. axb6 Rc8 25. Rxc8 Bxc8 26. Rc1 Qd8 27. Be3 g6 28.
fxe5 fxe5 29. Qc3 Bd7 30. Qd2 Bg4 31. Rc3 Qd7 32. Bg5 Qb5 33. h3 Bd7 34. Be3 Qb4 1/2-1/2

[Event "TCh-CHN 2016"]
[Site "China CHN"]
[Date "2016.09.24"]
[Round "13.5"]
[Board "1"]
[White "Lin, Yi"]
[Black "Yu, Ruiyuan"]
[Result "0-1"]
[BlackTitle "GM"]
[WhiteElo "2276"]
[BlackElo "2516"]
[WhiteTeam "Shenzhen"]
[BlackTeam "Jiangsu"]
[WhiteFideId "8602735"]
[BlackFideId "8603090"]
[EventDate "2016.04.12"]

1. c4 c6 2. Nf3 d5 3. d4 e6 4. e3 Bd6 5. Bd3 f5 6. O-O Nf6 7. b3 Qe7 8. Bb2 O-O
9. Qc1 Ne4 10. Ba3 Nd7 11. Bxd6 Qxd6 12. Qa3 c5 13. Nbd2 b6 14. Rac1 Bb7 15.
Rfd1 Qe7 16. cxd5 exd5 17. dxc5 bxc5 18. Ba6 Ndf6 19. Nf1 Ng4 20. Rc2 f4 21.
Bxb7 Qxb7 22. h3 Nh6 23. Ne5 fxe3 24. Nxe3 d4 25. N3c4 Nf5 26. Re1 Qd5 27. Qc1
Rae8 28. f3 Nc3 29. Qd2 Qd8 30. Rcc1 Ng3 31. Kh2 Nh5 32. Nd3 Qc7+ 33. Re5 Rxe5
34. Ndxe5 Qe7 35. g3 Nf6 36. Re1 Qb7 37. Kg2 Qd5 38. Nd3 Nh5 39. Qf2 Qf5 40.
Nce5 Nd5 41. Kh2 Qc8 42. Rc1 Nc3 43. Re1 Nf6 44. Nf4 Nfd5 45. Nxd5 Nxd5 46. Nc4
Qc6 47. Ne5 Qb7 48. Qc2 Nc3 49. Qd3 Qd5 50. Qa6 Re8 51. f4 h6 52. Qg6 Qe6 53.
Qh5 Re7 54. Nd3 Qd6 55. Rxe7 Qxe7 56. Qe5 Qxe5 57. fxe5 Nxa2 58. Nxc5 Nc1 59. b4
d3 60. Ne4 Kf7 61. Kg2 Ke6 62. Kf3 Kxe5 63. Ke3 Kd5 64. Nd2 a6 65. h4 h5 66. Ne4
Kc4 67. Nd6+ Kxb4 68. Kd2 Ne2 69. Kxd3 Nxg3 70. Kd4 0-1

[Event "TCh-CHN 2016"]
[Site "China CHN"]
[Date "2016.09.24"]
[Round "13.5"]
[Board "2"]
[White "Battulga, Namkhai"]
[Black "Xu, Jun"]
[Result "1-0"]
[WhiteTitle "IM"]
[BlackTitle "GM"]
[WhiteElo "2402"]
[BlackElo "2527"]
[WhiteTeam "Shenzhen"]
[BlackTeam "Jiangsu"]
[WhiteFideId "4900880"]
[BlackFideId "8600031"]
[EventDate "2016.04.12"]

1. e4 c5 2. Nf3 d6 3. d4 cxd4 4. Nxd4 Nf6 5. Nc3 Nc6 6. Bc4 Bd7 7. O-O e6 8. Kh1
Be7 9. f4 O-O 10. f5 e5 11. Nb3 Rc8 12. Bg5 Ne8 13. Be3 Nf6 14. Qe2 a6 15. a4
Nb4 16. Rac1 h6 17. Bf2 d5 18. exd5 Bxf5 19. Bb6 Qd7 20. Na5 Bg6 21. Bb3 Bd8 22.
Nc4 Re8 23. a5 Nbxd5 24. Nxd5 Qxd5 25. Rcd1 Qb5 26. Qe3 Bxb6 27. Nxb6 Rcd8 28.
Ba4 Qxb2 29. Bxe8 Rxe8 30. c4 e4 31. Nd5 Ng4 32. Qg3 e3 33. Rde1 e2 34. Rf3 Re4
35. h3 Ne5 36. Re3 Rxe3 37. Qxe3 Bd3 38. Nf4 Qc3 39. Rxe2 f6 40. Nxd3 Nxd3 41.
Qe6+ Kh8 42. Qc8+ Kh7 43. Qf5+ Kg8 44. Qd5+ Kh7 45. Qf5+ Kg8 46. Re8+ Kf7 47.
Qe6+ Kg6 48. Qe4+ Kf7 49. Re7+ Kf8 50. Re8+ Kf7 51. Qe6+ Kg6 52. Qe4+ Kf7 53.
Kh2 Ne5 54. Rb8 Qxc4 55. Rxb7+ Kg8 56. Qf5 Qd4 57. Rb8+ Kf7 58. Qh5+ g6 59. Rb7+
Ke6 60. Qe2 Qf4+ 61. g3 Qd4 62. Qxa6+ Kd5 63. Qb5+ Ke4 64. Qe2+ Kd5 65. a6 Qa1
66. Qd2+ Ke6 67. Rb6+ 1-0

[Event "TCh-CHN 2016"]
[Site "China CHN"]
[Date "2016.09.24"]
[Round "13.5"]
[Board "3"]
[White "Yu, Kaifeng"]
[Black "Lin, Chen"]
[Result "0-1"]
[WhiteTitle "FM"]
[BlackTitle "GM"]
[WhiteElo "2220"]
[BlackElo "2526"]
[WhiteTeam "Shenzhen"]
[BlackTeam "Jiangsu"]
[WhiteFideId "8609667"]
[BlackFideId "8602298"]
[EventDate "2016.04.12"]

1. Nf3 Nf6 2. c4 g6 3. d4 Bg7 4. Nc3 d6 5. e4 Bg4 6. Be2 O-O 7. O-O Nfd7 8. Be3
Nc6 9. d5 Bxf3 10. Bxf3 Na5 11. Be2 Bxc3 12. bxc3 e5 13. Rb1 Qe7 14. Qc1 b6 15.
Bg5 f6 16. Bh6 Rfe8 17. Rd1 Nc5 18. Qe3 Kh8 19. Rb4 Nab7 20. h4 Nd8 21. Qf3 g5
22. Bd3 Nf7 23. Bxg5 fxg5 24. h5 Nh6 25. g4 Rf8 26. Qg2 Qf6 27. Be2 Nxe4 28.
Qxe4 Qxf2+ 29. Kh1 Qh4+ 30. Kg1 Rf2 0-1

[Event "TCh-CHN 2016"]
[Site "China CHN"]
[Date "2016.09.24"]
[Round "13.5"]
[Board "4"]
[White "Guo, Qi"]
[Black "Du, Yuxin"]
[Result "1-0"]
[WhiteTitle "IM"]
[WhiteElo "2436"]
[BlackElo "2074"]
[WhiteTeam "Jiangsu"]
[BlackTeam "Shenzhen"]
[WhiteFideId "8604002"]
[BlackFideId "8610282"]
[EventDate "2016.04.12"]

1. Nf3 Nf6 2. c4 e6 3. g3 b6 4. Bg2 Bb7 5. O-O Be7 6. b3 O-O 7. Bb2 c5 8. e3 Nc6
9. Nc3 Rc8 10. d4 d6 11. Rc1 Qc7 12. e4 cxd4 13. Nxd4 Nxd4 14. Qxd4 Rfd8 15.
Rfd1 Bc6 16. Nd5 Qb7 17. Nxe7+ Qxe7 18. Ba3 Qb7 19. f3 Ne8 20. Rd3 b5 21. cxb5
Bxb5 22. Rdc3 Rxc3 23. Qxc3 Qb6+ 24. Kh1 Qa6 25. Bb2 h6 26. a3 Qb6 27. Qd4 Qb7
28. Qb4 Ba6 29. Qxb7 Bxb7 30. Bd4 a6 31. Kg1 Rc8 32. Rxc8 Bxc8 33. Kf2 Kf8 34.
Ke3 e5 35. Bb6 Ke7 36. Bf1 Kd7 37. Bc4 f6 38. b4 Nc7 39. a4 Kc6 40. Bxc7 Kxc7
41. a5 Kc6 42. Kd3 f5 43. Kc3 fxe4 44. fxe4 Kb7 45. b5 axb5 46. Bxb5 Bh3 47. Kb4
Bg2 48. Bd3 d5 49. exd5 Bxd5 50. Kc5 Bf3 51. Bc4 Ka7 52. h4 g5 53. hxg5 hxg5 54.
Bf1 Kb7 55. Bb5 Ka7 56. Bc4 Bg2 57. Be2 e4 58. Kd4 Bf3 59. Ke3 g4 60. Bb5 Kb7
61. Kf4 Ka7 62. Bd7 e3 63. Kxe3 Ka6 64. Kf4 Kxa5 65. Bxg4 Bd5 66. Bf5 Kb6 67. g4
Kc5 68. Ke5 Bf3 69. g5 Bh5 70. Be6 Be8 71. Ke4 1-0

[Event "TCh-CHN 2016"]
[Site "China CHN"]
[Date "2016.09.24"]
[Round "13.5"]
[Board "5"]
[White "Yuan, Ye"]
[Black "Xu, Yuze"]
[Result "1-0"]
[WhiteElo "2212"]
[BlackElo "1812"]
[WhiteTeam "Jiangsu"]
[BlackTeam "Shenzhen"]
[WhiteFideId "8608415"]
[BlackFideId "8614466"]
[EventDate "2016.04.12"]

1. d4 Nf6 2. c4 e6 3. Nc3 Bb4 4. Qc2 d5 5. cxd5 exd5 6. Bg5 h6 7. Bh4 g5 8. Bg3
Ne4 9. e3 c6 10. Bd3 Bf5 11. Ne2 Nxg3 12. hxg3 Bxd3 13. Qxd3 Qe7 14. O-O-O Nd7
15. e4 dxe4 16. Nxe4 O-O-O 17. Qc2 Kb8 18. a3 Ba5 19. b4 Bb6 20. N2c3 Nf6 21.
Nc5 Bxc5 22. bxc5 Qe6 23. Rd3 Qc4 24. Ne2 Qd5 25. f3 Qf5 26. Qd2 Nd7 27. Rd1
Rhe8 28. g4 Qd5 29. Ng3 Re6 30. Nf5 Qc4+ 31. Kb1 Qb5+ 32. Ka1 Qa4 33. Rb1 Qa6
34. Nd6 b6 35. Re3 Ka8 36. Nxf7 Rde8 37. Rd3 Re2 38. Qc3 b5 39. Nd6 Rd8 40. d5
Re5 41. Nf7 b4 42. Rxb4 Rde8 43. Nxe5 1-0

[Event "TCh-CHN 2016"]
[Site "China CHN"]
[Date "2016.09.24"]
[Round "13.6"]
[Board "1"]
[White "Ma, Qun"]
[Black "Wang, Yue"]
[Result "0-1"]
[WhiteTitle "GM"]
[BlackTitle "GM"]
[WhiteElo "2613"]
[BlackElo "2718"]
[WhiteTeam "Hangzhou"]
[BlackTeam "Tianjing"]
[WhiteFideId "8603154"]
[BlackFideId "8601429"]
[EventDate "2016.04.12"]

1. c4 g6 2. Nc3 c5 3. Nf3 Bg7 4. g3 Nc6 5. Bg2 d6 6. O-O e6 7. d3 Nge7 8. Bd2 b6
9. a3 Bb7 10. Rb1 O-O 11. b4 Qd7 12. Qc1 Nf5 13. e3 Rac8 14. b5 Ne5 15. Nxe5
Bxe5 16. e4 Nd4 17. Bh6 Rfe8 18. Qd2 Ra8 19. Ne2 a6 20. Nxd4 Bxd4 21. Be3 Bg7
22. a4 Reb8 23. a5 bxa5 24. Qxa5 axb5 25. Qxb5 Qc8 26. Qb3 Bxe4 27. Qc2 Bxg2 28.
Kxg2 Qc6+ 29. Kg1 h5 30. Rxb8+ Rxb8 31. Rb1 Ra8 32. Qe2 Ra3 33. h4 Qa8 34. g4
hxg4 35. Qxg4 Rxd3 36. h5 gxh5 37. Qxh5 Ra3 0-1

[Event "TCh-CHN 2016"]
[Site "China CHN"]
[Date "2016.09.24"]
[Round "13.6"]
[Board "2"]
[White "Gao, Rui"]
[Black "Dai, Changren"]
[Result "1-0"]
[WhiteTitle "GM"]
[WhiteElo "2552"]
[BlackElo "2361"]
[WhiteTeam "Hangzhou"]
[BlackTeam "Tianjing"]
[WhiteFideId "8602387"]
[BlackFideId "8608156"]
[EventDate "2016.04.12"]

1. e4 c5 2. Nf3 Nc6 3. Nc3 d6 4. d4 cxd4 5. Nxd4 Nf6 6. Bg5 e6 7. Qd2 a6 8.
O-O-O Nxd4 9. Qxd4 Be7 10. f4 b5 11. Bxf6 gxf6 12. f5 Qa5 13. Kb1 b4 14. Ne2 e5
15. Qe3 h5 16. Nc1 Qc5 17. Qb3 a5 18. Bc4 Rh7 19. Bd5 Rb8 20. Qg3 Bf8 21. Nb3
Qc7 22. c4 a4 23. Nd2 Rh8 24. Qh4 Be7 25. Rhe1 Qc5 26. Nf1 Ba6 27. Ne3 Rh7 28.
Rd3 Kd7 29. Qg3 Kc7 30. Red1 Rf8 31. Nc2 Kb6 32. Qe1 Rg7 33. g3 1-0

[Event "TCh-CHN 2016"]
[Site "China CHN"]
[Date "2016.09.24"]
[Round "13.6"]
[Board "3"]
[White "Bai, Jinshi"]
[Black "Malakhov, Vladimir"]
[Result "0-1"]
[WhiteTitle "GM"]
[BlackTitle "GM"]
[WhiteElo "2564"]
[BlackElo "2695"]
[WhiteTeam "Hangzhou"]
[BlackTeam "Tianjing"]
[WhiteFideId "8602280"]
[BlackFideId "4120787"]
[EventDate "2016.04.12"]

1. d4 d5 2. c4 c6 3. cxd5 cxd5 4. Bf4 Nc6 5. e3 Nf6 6. Nc3 a6 7. Be2 e6 8. Rc1
Be7 9. h3 O-O 10. Bd3 Qb6 11. Qe2 Bd7 12. Nf3 Rfc8 13. O-O Nb4 14. Bb1 Bb5 15.
Nxb5 Qxb5 16. Qxb5 axb5 17. Ne5 Nc6 18. a3 Nxe5 19. Bxe5 Nd7 20. Bd3 Nxe5 21.
dxe5 b4 22. Rxc8+ Rxc8 23. axb4 Bxb4 24. Ra1 g6 25. Kf1 Rc6 26. Ke2 h5 27. Kd1
h4 28. Rc1 Rb6 29. Rc8+ Kg7 30. e4 dxe4 31. Bxe4 Rb5 32. f4 Ba5 33. Rc2 Rb4 34.
Re2 Bd8 35. Kc2 b6 36. Kd3 Be7 37. Ke3 Rb3+ 38. Bd3 Bc5+ 39. Ke4 Bg1 40. Rc2 Bh2
41. Be2 Rb4+ 42. Rc4 Rxb2 43. Kd3 Bg3 44. Bf3 b5 45. Re4 b4 46. Kc4 Rb1 47. Be2
Be1 48. Bf3 Bc3 49. Kd3 Rc1 50. Kc4 Bd2+ 51. Kb3 Rc3+ 52. Ka2 Rd3 53. Rc4 b3+
54. Ka3 Be3 55. Be4 Rd2 56. Bf3 b2 57. Ka2 Rd4 58. Rxd4 Bxd4 59. Bc6 g5 60. fxg5
Kg6 61. Be8 Bxe5 62. Kb1 Bd4 63. Kc2 e5 64. Bb5 Kxg5 65. Bd3 Kf4 66. Kd2 Kg3 67.
Be4 Kf2 68. Kd1 Ke3 69. Bh7 e4 70. Kc2 Kf4 0-1

[Event "TCh-CHN 2016"]
[Site "China CHN"]
[Date "2016.09.24"]
[Round "13.6"]
[Board "4"]
[White "Xiao, Yiyi"]
[Black "Dzagnidze, Nana"]
[Result "1-0"]
[WhiteTitle "WFM"]
[BlackTitle "GM"]
[WhiteElo "2222"]
[BlackElo "2535"]
[WhiteTeam "Tianjing"]
[BlackTeam "Hangzhou"]
[WhiteFideId "8606161"]
[BlackFideId "13601903"]
[EventDate "2016.04.12"]

1. d4 d5 2. c4 dxc4 3. Nf3 Nf6 4. e3 a6 5. Bxc4 e6 6. O-O b5 7. Bb3 Bb7 8. Qe2
c5 9. a4 b4 10. Rd1 Nbd7 11. Nbd2 Qc7 12. e4 cxd4 13. Nxd4 Bc5 14. N2f3 O-O 15.
Bc2 Rfc8 16. Bd3 Ng4 17. h3 Nxf2 18. Qxf2 e5 19. Be3 exd4 20. Bxd4 Bxd4 21. Qxd4
Qc5 22. Rac1 Qxd4+ 23. Nxd4 g6 24. Nf3 Nc5 25. Bc4 Bxe4 26. Ng5 Kg7 27. Bxf7 Bf5
28. g4 Ne4 29. Nxe4 Bxe4 30. Bb3 Kh6 31. Rxc8 Rxc8 32. Rd4 Re8 33. Rxb4 Kg5 34.
Bc4 a5 35. Rb5+ Kh4 36. Bf1 Kg3 37. Rxa5 Rc8 38. Rb5 Bf3 39. Rb3 Rc1 40. a5 Kf4
41. Rb4+ Kg3 42. Rb3 Kf4 43. Rc3 Rb1 44. Rc2 Be4 45. Rf2+ Kg3 46. Rd2 Bc6 47.
Rd3+ Kf4 48. Rb3 Bd5 49. Rb4+ Ke3 50. a6 Ra1 51. b3 Bc6 52. Rb6 Bd5 53. Rb7 Kf3
54. Rc7 Kf4 55. b4 Bf3 56. Rc2 Be4 57. Rc3 Bf3 58. Rxf3+ Kxf3 59. b5 h5 60. gxh5
gxh5 61. b6 Kg3 62. b7 Rb1 63. a7 Rxb7 64. a8=Q Rg7 65. Bg2 Kh4 66. Qd8+ Rg5 67.
Qd4+ 1-0

[Event "TCh-CHN 2016"]
[Site "China CHN"]
[Date "2016.09.24"]
[Round "13.6"]
[Board "5"]
[White "Ni, Shiqun"]
[Black "Gu, Tianlu"]
[Result "1-0"]
[WhiteTitle "WGM"]
[BlackTitle "WIM"]
[WhiteElo "2363"]
[BlackElo "2255"]
[WhiteTeam "Tianjing"]
[BlackTeam "Hangzhou"]
[WhiteFideId "8608466"]
[BlackFideId "8603995"]
[EventDate "2016.04.12"]

1. e4 e5 2. Nf3 Nc6 3. Bb5 a6 4. Bxc6 dxc6 5. d4 exd4 6. Qxd4 Bg4 7. Be3 Bxf3 8.
Qxd8+ Rxd8 9. gxf3 Nf6 10. Nd2 Bd6 11. f4 Nh5 12. f5 g6 13. O-O-O gxf5 14. exf5
f6 15. Nb3 Ng7 16. Na5 b6 17. Nb7 Rd7 18. Bxb6 Nxf5 19. Ba5 Bf4+ 20. Kb1 Rxd1+
21. Rxd1 O-O 22. h3 Bd6 23. Bc3 Kf7 24. Rg1 Re8 25. Kc1 Ne7 26. Bd2 Be5 27. Na5
Bd4 28. Rg2 Bb6 29. c4 Nf5 30. Nxc6 Nh4 31. Rg4 Bxf2 32. Rf4 Bg3 33. Rd4 Nf3 34.
Rd7+ Ke6 35. Rxh7 Kd6 36. Ne7 Rxe7 37. Bb4+ c5 38. Bxc5+ Kxc5 39. Rxe7 f5 40. b3
Bd6 41. Rf7 f4 42. Kd1 Be5 43. Ke2 Ng1+ 44. Kf1 Nf3 45. Rd7 Bd6 46. Ra7 Kb6 47.
Rh7 Ng5 48. Rh5 Ne4 49. Rd5 f3 50. Rxd6+ Nxd6 51. Kf2 Kc5 52. Kxf3 a5 53. h4 a4
54. h5 a3 55. Ke3 Nf5+ 56. Kf4 Nh6 57. Kg5 Nf7+ 58. Kf6 Nh6 59. Kg6 Ng4 60. h6
Nxh6 61. Kxh6 Kb4 62. Kg5 Kc3 63. c5 Kb2 64. c6 Kxa2 65. c7 Kxb3 66. c8=Q Kb2
67. Qb7+ Ka1 68. Qc6 Kb2 69. Qb5+ Ka1 70. Qc4 1-0

[Event "TCh-CHN 2016"]
[Site "China CHN"]
[Date "2016.09.25"]
[Round "14.1"]
[Board "1"]
[White "Li, Shilong"]
[Black "Bai, Jinshi"]
[Result "1-0"]
[WhiteTitle "GM"]
[BlackTitle "GM"]
[WhiteElo "2514"]
[BlackElo "2564"]
[WhiteTeam "Guangdong"]
[BlackTeam "Hangzhou"]
[WhiteFideId "8600678"]
[BlackFideId "8602280"]
[EventDate "2016.04.12"]

1. d4 Nf6 2. c4 g6 3. g3 c6 4. Bg2 d5 5. e3 Bg7 6. Ne2 O-O 7. O-O a5 8. b3 b5 9.
Nd2 Bf5 10. c5 Nfd7 11. e4 dxe4 12. Nxe4 Bxe4 13. Bxe4 Nxc5 14. Bg2 Ne6 15. Be3
Nc7 16. Rc1 Nd5 17. Bxd5 cxd5 18. Rc5 Qd7 19. Nf4 e6 20. Qe2 b4 21. Rfc1 a4 22.
Nd3 axb3 23. axb3 Qb7 24. Ne5 Ra7 25. Bf4 g5 26. Bd2 h6 27. Rb5 Qa6 28. Bxb4 Re8
29. Kf1 Rb7 30. Rxb7 Qxb7 31. Bd6 Bxe5 32. Bxe5 Qa6 33. Qxa6 Nxa6 34. Bd6 Rd8
35. Rc6 Nb8 36. Rb6 Nd7 37. Rb7 Nf6 38. Be7 Rd7 39. Rxd7 Nxd7 40. b4 Nb6 41. b5
f5 42. h4 gxh4 43. Bd8 Nc4 44. b6 Na5 45. gxh4 h5 46. Be7 Kf7 47. Bb4 Nb7 48.
Ke2 Kf6 49. Ke3 e5 50. dxe5+ Kxe5 51. f4+ Kf6 52. Kd4 Ke6 53. Ba3 Na5 54. Kc5
Nb7+ 55. Kc6 Na5+ 56. Kc7 d4 57. Bb4 Kd5 1-0

[Event "TCh-CHN 2016"]
[Site "China CHN"]
[Date "2016.09.25"]
[Round "14.1"]
[Board "2"]
[White "Xu, Yinglun"]
[Black "Ma, Qun"]
[Result "1/2-1/2"]
[BlackTitle "GM"]
[WhiteElo "2523"]
[BlackElo "2613"]
[WhiteTeam "Guangdong"]
[BlackTeam "Hangzhou"]
[WhiteFideId "8604940"]
[BlackFideId "8603154"]
[EventDate "2016.04.12"]

1. d4 d5 2. c4 c6 3. e3 Nf6 4. Nf3 Bf5 5. Nc3 e6 6. Nh4 Bg6 7. Be2 Nbd7 8. O-O
Be7 9. g3 a6 10. a3 Rc8 11. c5 Bf5 12. Nxf5 exf5 13. f3 Nf8 14. Bd3 g6 15. b4
Ne6 16. Ra2 h5 17. h4 Qc7 18. Rg2 Qd7 19. Rff2 O-O 20. Ra2 Rfe8 21. Qf1 Bf8 22.
a4 Re7 23. b5 axb5 24. axb5 Rce8 25. Rge2 Bh6 26. Ra7 Qc7 27. Kg2 Qb8 28. Ra1
Qc8 29. Ra7 Qb8 30. Ra1 Kh8 31. Qf2 Kh7 32. Kf1 Nd8 33. Kg2 Ne6 34. Kf1 Nf8 35.
Kg2 Re6 36. Nd1 N8d7 37. Rb2 Qc8 38. Ra7 Qb8 39. Ra1 Qd8 40. Bd2 R8e7 41. Rba2
Re8 42. Rb2 R6e7 43. Ra7 Nf8 44. Rb1 Qb8 45. Ra2 Qd8 46. Ra7 Qb8 47. Ra2 1/2-1/2